<?xml version="1.0" encoding="UTF-8"?>
<collection xmlns="http://www.loc.gov/MARC21/slim">
  <record>
    <leader>00000nam  2200000   4500</leader>
    <controlfield tag="001">INLIS000000000016752</controlfield>
    <controlfield tag="005">20240129121153</controlfield>
    <datafield tag="035" ind1="#" ind2="#">
      <subfield code="a">0010-0124000069</subfield>
    </datafield>
    <controlfield tag="007">ta</controlfield>
    <controlfield tag="008">240129################|##########|#|##</controlfield>
    <datafield tag="084" ind1="#" ind2="#">
      <subfield code="a">R 097 LATSAR 2021</subfield>
    </datafield>
    <datafield tag="100" ind1=" " ind2="#">
      <subfield code="a">Annisa Meitasari Wahyono</subfield>
    </datafield>
    <datafield tag="245" ind1="1" ind2="#">
      <subfield code="a">E-Data Administrasi Kepegawaian PPNPN Di Badan Pengawasan Pemilihan Umum Provinsi Bali /</subfield>
      <subfield code="c">Annisa Meitasari Wahyono</subfield>
    </datafield>
    <datafield tag="250" ind1="#" ind2="#">
      <subfield code="a">1</subfield>
    </datafield>
    <datafield tag="260" ind1="#" ind2="#">
      <subfield code="a">Jakarta :</subfield>
      <subfield code="b">Pusbangkader,</subfield>
      <subfield code="c">2021</subfield>
    </datafield>
    <datafield tag="300" ind1="#" ind2="#">
      <subfield code="a">77 halaman ;</subfield>
      <subfield code="c">30 cm</subfield>
    </datafield>
    <datafield tag="650" ind1="#" ind2="4">
      <subfield code="a">data elektronik</subfield>
    </datafield>
    <datafield tag="520" ind1="#" ind2="#">
      <subfield code="a">Permasalahan yang ditemukan yakni masalah pengarsipan dan administrasi dokumen yang belum optimal. Kemudian diidentifikasi dan pengerucutkan permasalahan tersebut menjadi tiga permasalahan yang menyebabkan pelayanan di Bagian Administrasi masih belum optimal. Pertama, belum optimalnya pengelolaan arsip dokumen data persuratan. Kedua, belum optimalnya pengelolaan arsip dokumen administrasi kepegawaian. Ketiga, belum terorganisasirnya administrasi dan rekap data cuti dan izin pegawai. Hasil dari aktualisasi ini adalah google spreadsheet dan google drive sebagai media E-Data Administrasi Kepegawaian PPNPN, serta penataan arsip secara hardcopy.</subfield>
    </datafield>
    <datafield tag="600" ind1="#" ind2="4">
      <subfield code="a">kepegawaian</subfield>
    </datafield>
    <datafield tag="856" ind1="#" ind2="#">
      <subfield code="a">Perpustakaan LAN Pusat</subfield>
    </datafield>
    <datafield tag="990" ind1="#" ind2="#">
      <subfield code="a">23.11.097</subfield>
    </datafield>
  </record>
</collection>
